MARC

LEADER 00000nas a2200000 a 4500
001 ssj0001849032
003 WaSeSS
005 20200512172242.0
006 m d
007 cr n
008 040326d20042014enktr p s 0 0eng c
010 |a  2004233464 
022 |l 1741-7627  |y 1741-7627 
035 |a (WaSeSS)ssj0001849032 
040 |a JNA  |b eng  |c JNA  |d GUA  |d HLS  |d NLGGC  |d OCLCQ  |d GUA  |d OCLCF  |d OCLCO  |d GUA  |d HLS  |d DLC  |d WaSeSS 
042 |a pcc 
050 1 4 |a LC1011  |b .J326 
222 4 |a The journal of classics teaching 
245 0 4 |a The Journal of classics teaching  |h [electronic resource]. 
246 1 3 |a JACT third series 
260 |a London :  |b Joint Association of Classical Teachers and the Association for Latin Teaching,  |c c2004- 
310 |a Three times a year. 
362 0 |a No. 1 (spring 2004)- 
362 1 |a Ceased with no. 30 (winter 2014). 
500 |a Title from cover. 
506 |a License restrictions may limit access. 
550 |a The journal of the Joint Association of Classical Teachers (JACT) and the Association for Latin Teaching (ARLT). 
580 |a Merger of: JACT bulletin, and: JACT review. 
588 |a Latest issue consulted: No. 30 (winter 2014). 
610 2 0 |a Joint Association of Classical Teachers  |v Periodicals. 
610 2 0 |a Association for Latin Teaching  |v Periodicals. 
610 2 7 |a Association for Latin Teaching.  |2 fast  |0 (OCoLC)fst00788069 
610 2 7 |a Joint Association of Classical Teachers.  |2 fast  |0 (OCoLC)fst00550248 
650 0 |a Classical education  |v Periodicals. 
650 0 |a Classical languages  |x Study and teaching  |v Periodicals. 
650 0 |a Classical philology  |x Study and teaching  |v Periodicals. 
650 1 7 |a Klassieke talen.  |2 gtt 
650 1 7 |a Onderwijs.  |2 gtt 
650 7 |a Civilization  |x Study and teaching.  |2 fast  |0 (OCoLC)fst00862937 
650 7 |a Classical education.  |2 fast  |0 (OCoLC)fst00863477 
650 7 |a Classical languages  |x Study and teaching.  |2 fast  |0 (OCoLC)fst00863499 
650 7 |a Classical philology  |x Study and teaching.  |2 fast  |0 (OCoLC)fst00863540 
651 0 |a Greece  |x Civilization  |x Study and teaching  |v Periodicals. 
651 0 |a Rome  |x Civilization  |x Study and teaching  |v Periodicals. 
651 7 |a Greece.  |2 fast  |0 (OCoLC)fst01208380 
651 7 |a Rome (Empire)  |2 fast  |0 (OCoLC)fst01204885 
655 0 |a Electronic journals. 
710 2 |a Joint Association of Classical Teachers. 
710 2 |a Association for Latin Teaching. 
776 0 8 |i Continued online:  |t Journal of classics teaching  |x 1741-7627  |w (OCoLC)681311712 
780 1 4 |t JACT bulletin  |x 0267-8349  |w (DLC)sn 84012736  |w (OCoLC)34037718 
780 1 4 |t JACT review  |x 0268-0181  |w (DLC)sn 87017602  |w (OCoLC)12541940 
856 4 0 |z Full text available from Research Library: 04/01/2017 to present  |u https://search.proquest.com/publication/2046287